Komentár k novele Zákonníka práce

Aktuálne zmeny Zákonníka práce, ktoré sú platné od 1. septembra 2011.

Guardado en:
Detalles Bibliográficos
Autor principal: Rybárová, Mária
Otros Autores: Vojnárová, Anna, Mačuha, Miroslav
Formato: Capítulo de libro
Lenguaje:eslovaco
Materias:
Etiquetas: Agregar Etiqueta
Sin Etiquetas, Sea el primero en etiquetar este registro!

MARC

LEADER 00000naa a2200000 4500
001 0136986
005 20231208084730.0
041 0 |a slo 
044 |a SK 
245 1 0 |a Komentár k novele Zákonníka práce  |c Mária Rybárová, Anna Vojnárová, Miroslav Mačuha 
520 |a Aktuálne zmeny Zákonníka práce, ktoré sú platné od 1. septembra 2011. 
610 2 0 |a legislatíva 
610 2 0 |a Slovensko 
610 2 0 |a komentáre 
610 2 0 |a zákony 
610 2 0 |a zákonník práce 
100 1 |a Rybárová, Mária 
700 1 |a Vojnárová, Anna 
700 1 |a Mačuha, Miroslav